|
|
|
|
| LEADER |
00000nam0a2200000 4500 |
| 001 |
136324 |
| 005 |
20260403112228.0 |
| 035 |
|
|
|a (RuTPU)RU\TPU\book\147751
|
| 090 |
|
|
|a 136324
|
| 100 |
|
|
|a 20080422d1967 m y0rusy50 ca
|
| 101 |
1 |
|
|a rus
|c eng
|
| 102 |
|
|
|a RU
|
| 105 |
|
|
|a a z 000ay
|
| 200 |
1 |
|
|a Утопия 14
|e Фантастический роман
|e пер. с англ.
|f К. Воннегут
|
| 210 |
|
|
|a Москва
|c Молодая гвардия
|d 1967
|
| 215 |
|
|
|a 400 с.
|c ил.
|
| 225 |
1 |
|
|a Библиотека современной фантастики
|
| 333 |
|
|
|a Исключено из фонда НТБ ТПУ
|
| 606 |
1 |
|
|a Американская литература (англо-язычная литература)
|9 52349
|
| 610 |
1 |
|
|a художественная литература
|
| 610 |
1 |
|
|a фантастические романы
|
| 610 |
1 |
|
|a фантастика
|
| 675 |
|
|
|a 82
|v 4
|
| 700 |
|
1 |
|a Воннегут
|b К.
|g Курт
|
| 801 |
|
1 |
|a RU
|b 63413507
|c 20080422
|g PSBO
|
| 801 |
|
2 |
|a RU
|b 63413507
|c 20170614
|g PSBO
|
| 942 |
|
|
|c BK
|